| 000 | 00635nam a2200241Ia 4500 | ||
|---|---|---|---|
| 003 | OSt | ||
| 005 | 20221005045253.0 | ||
| 006 | a|||||r|||| 00| 0 | ||
| 007 | ta | ||
| 008 | 221004b |||||||| |||| 00| 0 tam d | ||
| 020 | _c20 | ||
| 024 | _a63602 | ||
| 037 | _cTextual | ||
| 040 |
_aCRL _cCRL _btam |
||
| 041 |
_2tam _atam |
||
| 082 | _aO31p211'N72, L2 | ||
| 245 | 0 | _aNaangavathu Karutharangu Malar | |
| 260 |
_aKerala _bKerala Palkalai Kazhaga Thamizhthurai Saarbu Veliyeedu India |
||
| 300 |
_a670p. _ccm. |
||
| 650 | _aMEDICINE | ||
| 942 |
_hO31p211'N72, L2 _cTEXL _2cc |
||
| 999 |
_c954732 _d954732 |
||